00481cam a22001457a 4500008004000000082001800040100001900058245006500077260002900142300001000171650002100181650002500202999001900227952008900246180718b1970 xxu||||| |||| 00| 0 eng d aB1243x54 H211 aHaq, Mushir U. aMuslim politics in modern India, 1857-1947cby Mushir U. Haq aMeerutbMeenaskshic1970 a171p. aIndia - Politics aMohammedans in India c367370d367370 00104070aIIPAbIIPAd1994-05-12oB1243x54 H211p45157r2018-07-21w2018-07-21yBK